Govt. of
Madhya Pradesh

Siva Sutras (Record no. 14698)

MARC details
000 -LEADER
fixed length control field 003720000a22001570004500
001 - CONTROL NUMBER
control field 002789
003 - CONTROL NUMBER IDENTIFIER
control field MACL
040 ## - CATALOGING SOURCE
Original cataloging agency MACL
090 ## - LOCALLY ASSIGNED LC-TYPE CALL NUMBER (OCLC); LOCAL CALL NUMBER (RLIN)
-- 14782
-- 14781
100 ## - MAIN ENTRY--PERSONAL NAME
Personal name Lakshmanjoo, Swami
245 ## - TITLE STATEMENT
Title Siva Sutras
Remainder of title The Supreme Awakening
Statement of responsibility, etc. Swami Lakshmanjoo
260 ## - PUBLICATION, DISTRIBUTION, ETC. (IMPRINT)
Place of publication, distribution, etc. Munshiram manoharlal Publishers,
Date of publication, distribution, etc. 2007
350 ## - PRICE (NR) (BK AM CF MU VM SE) [OBSOLETE]
Price 400
650 ## - SUBJECT ADDED ENTRY--TOPICAL TERM
Topical term or geographic name as entry element Religion
942 ## - ADDED ENTRY ELEMENTS (KOHA)
Call number prefix 291
Koha item type Library Membar
Holdings
Withdrawn status Lost status Source of classification or shelving scheme Damaged status Not for loan Home library Current library Date acquired Cost, normal purchase price Total Checkouts Full call number Barcode Date last seen Date last checked out Uniform Resource Identifier Price effective from Koha item type
          MACL MACL 15/04/2015 400.00 1 291/LAK CRE021420 02/05/2024 19/09/2015 14584 15/04/2015 Books